00465nam a22001457a 4500020001800000082001500018100003500033245003500068260004400103300000800147650001700155942000700172952012300179999001700302 a9781107108905 a297.82 JON aJones, JustinaAli Osman Qasmi aThe Shi'a in Modern South Asia aDelhibCambredge University Pressc2015 a212 aShi'a- Islam cBK 00104070aHMIbHMIcGENd2016-01-07eflipkartg595.00l1o297.82 JONp24994r2018-06-26s2018-06-26w2026-01-16yGSB c19921d19921